000
00369nam a22001577a 4500
003
MPLRDC
005
20220104143346.0
008
210129b ||||| |||| 00| 0 eng d
082
_a
292 QYBL c.2
100
_a
浅野八郎
245
_a
占卜的技巧
_c
江乡村译
260
_a
_b
文新书屋
_c
300
_b
平
650
_a
占卜
942
_c
BK
_o
292 QYBL c.2
999
_c
39138
_d
39128